000 00319nam a22001217a 4500
008 160422b xxu||||| |||| 00| 0 eng d
020 _a9780815143055
020 _a081543052
041 _aeng
080 _a618.2
245 _aCinical nursing skills techniques:
_cAnne Griffin Perry; Patrcia A. Potter;
942 _2udc
_cBK
999 _c1518
_d1518